000 01083cab a2200253 4500
001 ABS59750
008 090401t1998 xxu||||| |||| 00| 0 eng d
035 _a(Sirsi) u90467
041 _aeng
100 _aCottam, G.
245 _aBe prepared
260 _c1998
350 _a0
490 _aConstruction News
_v6596 17 December 1998, 13(1)
520 _aDiscussion of procedure to be followed on receiving of a notice of adjudication. Outlines the the whole process including the timescale involved and preparing a statement of case for the adjudicator.
650 _aBUILT ENVIRONMENT-BUILDING CONTRACT FORMS-STANDARD FORMS OF BUILDING CONTRACT-INSTITUTION OF CIVIL ENGINEERS CONTRACTS
650 _aBUILT ENVIRONMENT-BUILDING CONTRACT FORMS-STANDARD FORMS OF BUILDING CONTRACT-JOINT CONTRACTS TRIBNUAL CONTRACTS
650 _aNOTICES OF ADJUDICATION
650 _aPROCEDURE
650 _aSTATEMENTS OF CASE
690 _aMANAGEMENT-DISPUTE AVOIDANCE, MANAGEMENT AND RESOLUTION-DISPUTE MANAGEMENT AND RESOLUTION-ARBITRATION
942 _n0
948 _c23/12/1998
999 _c57362
_d57362